000 01037nam a22003137a 4500
003 CHAP
005 20220817042715.0
008 971013s1972 r 00010 d
010 _a52939
011 _a53911
035 _a58061
040 _cCHAP
090 _aTesis
100 0 0 _aSánchez Olvera, Agustín.
_9107736
245 _aReconocimiento preliminar de los nemátodos en los suelos de Apodaca, N. L.
260 _a(Monterrey, N.L.) :
_bEl autor,
_c1972
300 _a80 h.
502 _aTesis (Ing. Agr. Fitotecnista) -- ITESM. Div. de Ciencias Agropecuarias y Matrítimas
590 _aALEPH
_b10
_c20130110
_lUCH01
_h1330
590 _aBATCH-UPD
_b10
_c20130110
_lUCH01
_h0352
590 _aBATCH-UPD
_b10
_c20130110
_lUCH01
_h1900
590 _aBATCH-UPD
_b10
_c20130410
_lUCH01
_h0025
590 _aBATCH-UPD
_b10
_c20130914
_lUCH01
_h1838
590 _aCONVERSION
_b10
_c20130109
_lUCH01
_h1329
650 1 4 _aNemátodos parásitos de plantas.
901 _aBK
942 _cTESIS
949 _bBC
_cTES
_d-126135
_eTS1
_i58061
_si
999 _c52939
_d52939